000 00613nam a2200253Ia 4500
003 OSt
005 20221005113604.0
006 a|||||r|||| 00| 0
007 ta
008 221004b |||||||| |||| 00| 0 tam d
020 _c6.50
024 _a49810
037 _cTextual
040 _aCRL
_cCRL
_btam
041 _2tam
_atam
082 _aP156:9, 31M1
100 _aKannatte Au.
_9624574
245 0 _a30 Nadgalil gujaradipazai
260 _c1981
300 _a160p.
_ccm.
650 _aLINGUISTICS
942 _hP156:9, 31M1
_cTEXL
_2cc
999 _c1028658
_d1028658